Premier League Most Efficient Goalkeeper Per Year - Statistics

General Stats
  • This quiz has been taken 292 times
    22 since last reset
  • The average score is 24 of 34
Answer Stats
Season Goalkeeper Team Save% % Correct
2018-19 Alisson Liverpool 77.1
95%
2017-18 David de Gea Manchester United 80.7
95%
2012-13 David de Gea Manchester United 77.2
95%
2011-12 David de Gea Manchester United 78.4
95%
2016-17 Petr Čech Arsenal 81.3
95%
2008-09 Petr Čech Chelsea 82.6
95%
2006-07 Petr Čech Chelsea 91.3
95%
2005-06 Petr Čech Chelsea 85.6
95%
2004-05 Petr Čech Chelsea 87.3
95%
2009-10 Edwin van der Sar Manchester United 83.1
90%
2007-08 Edwin van der Sar Manchester United 84.1
90%
2025-26 Gianluigi Donnarumma Manchester City 72.4
86%
2019-20 Hugo Lloris Tottenham Hotspur 79.6
86%
2010-11 Joe Hart Manchester City 78.4
86%
2023-24 André Onana Manchester United 74.9
81%
1998-99 David Seaman Arsenal 85.6
81%
1996-97 David Seaman Arsenal 84.6
81%
1995-96 David Seaman Arsenal 79.6
81%
1993-94 David Seaman Arsenal 81.1
81%
1992-93 David Seaman Arsenal 82.4
81%
1997-98 Peter Schmeichel Manchester United 82.1
81%
1994-95 Peter Schmeichel Manchester United 86.6
81%
2021-22 José Sá Wolverhampton 79.3
76%
2024-25 Robert Sánchez Chelsea 76.4
76%
2001-02 Jerzy Dudek Liverpool 81.8
71%
2000-01 Fabien Barthez Manchester United 81.6
67%
2022-23 David Raya Brentford 77.7
52%
2020-21 Nick Pope Burnley 77.0
52%
2015-16 Vito Mannone Sunderland 75.8
14%
2013-14 Vito Mannone Sunderland 77.4
14%
2014-15 Costel Pantilimon Sunderland 76.3
10%
1999-00 Mark Schwarzer Middlesbrough 79.0
10%
2003-04 Antti Niemi Southampton 78.9
5%
2002-03 Antti Niemi Southampton 79.8
5%
No matching quizzes found
Score Distribution
Percent of People with Each Score
Percentile by Number Answered
Your Score History
You have not taken this quiz since the last reset